Education of the adolescent : Report of the consultative committee (Record no. 59346)

MARC details
000 -LEADER
fixed length control field 00443nam a2200145Ia 4500
005 - DATE AND TIME OF LATEST TRANSACTION
control field 20240821152100.0
008 - FIXED-LENGTH DATA ELEMENTS--GENERAL INFORMATION
fixed length control field 240821s9999||||xx |||||||||||||| ||und||
082 ## - DEWEY DECIMAL CLASSIFICATION NUMBER
Classification number 373.06 GRE
100 ## - MAIN ENTRY--PERSONAL NAME
Personal name Great Britain, Board of Education England
245 #0 - TITLE STATEMENT
Title Education of the adolescent : Report of the consultative committee
260 ## - PUBLICATION, DISTRIBUTION, ETC.
Place of publication, distribution, etc. London
Name of publisher, distributor, etc. Her Majesty's Stationery office
Date of publication, distribution, etc. 1926
300 ## - PHYSICAL DESCRIPTION
Extent 338p
650 ## - SUBJECT ADDED ENTRY--TOPICAL TERM
Topical term or geographic name entry element Secondary Education
942 ## - ADDED ENTRY ELEMENTS (KOHA)
Koha item type Book
Holdings
Withdrawn status Lost status Damaged status Not for loan Home library Current library Date acquired Total checkouts Barcode Date last seen Price effective from Koha item type
        Library and Documentation Division NCERT Library and Documentation Division NCERT 08/21/2024   41924 08/21/2024 08/21/2024 Book